| 000 | 01102nam a22003137a 4500 | ||
|---|---|---|---|
| 001 | BR8705135 | ||
| 003 | BR-BrBNA | ||
| 005 | 20230928092721.0 | ||
| 007 | ta | ||
| 008 | 230509b bl.||||| |||| 00| 0 por d | ||
| 040 |
_aBR-BrBNA _bpor _cBiblioteca Nacional de Agricultura |
||
| 041 | _a(Por) | ||
| 072 |
_aH10 _b4020 _b3290 _b/G514 |
||
| 090 | _ 4020 BR8705135 | ||
| 100 | 1 | _aCosta, E.C. | |
| 110 | 1 |
_aUniversidade Federal do Parana, Curitiba (Brasil). Setor de Ciencias Agrarias _0Tese (Doutorado) |
|
| 245 | 1 | _aArtropodes associados a bracatinga (Mimosa scabrella Benth)[Oncideres impluviata, Serra pau, Brasil] | |
| 246 | 1 | _a[Arthropods associated to Mimosa scabrella Benth] | |
| 260 | 3 |
_aCuritiba, PR (Brasil): _c1986. |
|
| 300 | _a300 p. | ||
| 500 | _a24 illus.; 30 tables; Bibliography (124 ref.); Summaries (Eng, Por). (*) Documento disponível na(o) UFPR, PR (Brazil). Setor de Ciencias Agrarias | ||
| 650 | _aARTROPODA | ||
| 650 | _aBRACATINGA | ||
| 650 | _aFAUNA EDAFICA | ||
| 650 | _aSERRA PAU | ||
| 650 | _aPARANA | ||
| 909 |
_a202309 _bLucia _c55 _dLucia Elande |
||
| 942 | _cBK | ||
| 999 |
_c40775 _d40775 |
||